000 00534nam a2200217Ia 4500
003 0100
008 130303s9999 xx 000 0 und d
040 _cARRUPELIB
050 _aBX2230.S48
100 _aSampson, William
245 4 _aThe coming of consolation
245 _bhow God gets through to us
260 _aWestminster
260 _bChristian Classic
260 _C1986
300 _a108p.
300 _b 18cm.
650 _bDemocracy - Dictionaries and Encyclopedias
700 _aWilliam Sampson
942 0 0 _01
999 _c9324
_d9324